Capitals of 1930 FIFA World Cup Teams - Statistics

General Stats
  • This quiz has been taken 17 times
  • The average score is 12 of 13
Answer Stats
Country Capital % Correct
Mexico Mexico City
100%
France Paris
100%
Brazil Brasília
94%
Belgium Brussels
94%
Peru Lima
94%
Uruguay Montevideo
94%
Chile Santiago
94%
United States Washington
94%
Romania Bucharest
88%
Argentina Buenos Aires
88%
Paraguay Asunción
81%
Bolivia Sucre / La Paz
81%
Yugoslavia Belgrade
75%
No matching quizzes found
Score Distribution
Percent of People with Each Score
Percentile by Number Answered
Your Score History
You have not taken this quiz